Les 10 plus grands maîtres des 12 coups de midi - Statistiques

Statistiques générales
  • Ce quiz a été pris 63 fois
  • Le résultat moyen est 6 sur 10
Statistiques - réponses
Par images Hint Réponse % Correct
2 566 931 € (647 participations) Émilien
100%
691 522 € (153 participations) Paul
94%
1 026 107 € (252 participations) Bruno
73%
921 316 € (199 participations) Éric
62%
489 495 € (125 participations) Céline
50%
353 348 € (83 participations) Timothée
50%
568 343 € (153 participations) Stéphane
37%
447 226 € (100 participations) Véronique
35%
410 591 € (98 participations) Léo
33%
397 946 € (82 participations) Benoît
29%
Aucun quiz correspondant
Distribution des résultats
% des personnes avec chaque résultat
Percentile par nombre de réponses
Votre historique - résultats
Vous n’avez pas pris ce quiz